000 00928nmm a2200277 a 4500
001 ocm000607416
003 TR-IsHL
005 20201028135736.0
008 131209s2011 tu tur
007 cr cn
020 _a9786054429493
035 _a607416
_b(N$T)
050 0 4 _aPR6063
_b.H292 2011
090 0 4 _aPR6063
_b.H292 2011
100 1 _aHauge, Lesley
245 1 0 _aHiçbir erkeğin olmadığı yer
_h[electronic resource] /
_cLesley Hauge ; çev. Yıldız Kılınç
260 _aİstanbul :
_bArunas Yayıncılık,
_c2011
300 _a244 p.
650 4 _aDil ve Edebiyat
650 4 _aLanguage and Literature
650 0 _aİngiliz romanı
650 0 _aEnglish fiction
650 7 _aLITERARY COLLECTIONS / European / English, Irish, Scottish, Welsh
_2bisacsh
700 1 _aKılınç, Yıldız
856 4 0 _uhttp://search.ebscohost.com/login.aspx?direct=true&scope=site&db=e011xww&AN=607416
999 _c6908
_d6908